[Event "Kadettlandskamp NOR-SWE B 2018"]
[Site "NTG, Bærum, Norway"]
[Date "2018.12.16"]
[Round "10.1"]
[White "Falkevall, Axel"]
[Black "Abdrlauf, Elham"]
[Result "0-1"]
[WhiteFideId "1735560"]
[BlackFideId "1533533"]
[WhiteElo "1715"]
[BlackElo "2191"]

1. e4 {[%clk 00:15:14]} {[%emt 00:00:04]} d6 {[%clk 00:15:16]} {[%emt
00:00:05]} 2. d4 {[%clk 00:15:21]} {[%emt 00:00:03]} g6 {[%clk 00:15:23]}
{[%emt 00:00:03]} 3. Nc3 {[%clk 00:15:28]} {[%emt 00:00:02]} Bg7 {[%clk
00:15:30]} {[%emt 00:00:04]} 4. Nf3 {[%clk 00:15:31]} {[%emt 00:00:07]} Nf6
{[%clk 00:15:36]} {[%emt 00:00:03]} 5. h3 {[%clk 00:15:39]} {[%emt 00:00:03]}
O-O {[%clk 00:15:43]} {[%emt 00:00:04]} 6. Be3 {[%clk 00:15:44]} {[%emt
00:00:04]} a6 {[%clk 00:15:48]} {[%emt 00:00:04]} 7. a4 {[%clk 00:15:51]}
{[%emt 00:00:04]} b6 {[%clk 00:15:55]} {[%emt 00:00:03]} 8. Bd3 {[%clk
00:15:59]} {[%emt 00:00:02]} Bb7 {[%clk 00:16:02]} {[%emt 00:00:04]} 9. O-O
{[%clk 00:16:05]} {[%emt 00:00:04]} Nc6 {[%clk 00:16:09]} {[%emt 00:00:02]} 10.
d5 {[%clk 00:16:12]} {[%emt 00:00:03]} Nb8 {[%clk 00:16:15]} {[%emt 00:00:04]}
11. Qd2 {[%clk 00:16:20]} {[%emt 00:00:02]} c6 {[%clk 00:16:23]} {[%emt
00:00:03]} 12. Bc4 {[%clk 00:16:28]} {[%emt 00:00:02]} cxd5 {[%clk 00:16:30]}
{[%emt 00:00:03]} 13. exd5 {[%clk 00:16:34]} {[%emt 00:00:04]} Nbd7 {[%clk
00:16:36]} {[%emt 00:00:03]} 14. Rad1 {[%clk 00:16:40]} {[%emt 00:00:04]} Rc8
{[%clk 00:16:44]} {[%emt 00:00:03]} 15. Qe2 {[%clk 00:16:47]} {[%emt 00:00:03]}
Nc5 {[%clk 00:16:51]} {[%emt 00:00:03]} 16. b4 {[%clk 00:16:53]} {[%emt
00:00:03]} Nce4 {[%clk 00:16:57]} {[%emt 00:00:03]} 17. Nxe4 {[%clk 00:17:00]}
{[%emt 00:00:04]} Nxe4 {[%clk 00:17:05]} {[%emt 00:00:02]} 18. Bd4 {[%clk
00:17:07]} {[%emt 00:00:03]} Nc3 {[%clk 00:17:12]} {[%emt 00:00:03]} 19. Bxc3
{[%clk 00:17:16]} {[%emt 00:00:02]} Bxc3 {[%clk 00:17:19]} {[%emt 00:00:03]} 20.
Rb1 {[%clk 00:17:24]} {[%emt 00:00:02]} Qd7 {[%clk 00:17:25]} {[%emt 00:00:03]}
21. Nh2 {[%clk 00:17:24]} {[%emt 00:00:10]} Bf6 {[%clk 00:17:30]} {[%emt
00:00:04]} 22. Bxa6 {[%clk 00:17:28]} {[%emt 00:00:07]} Bxa6 {[%clk 00:17:37]}
{[%emt 00:00:04]} 23. Qxa6 {[%clk 00:17:34]} {[%emt 00:00:03]} Rxc2 {[%clk
00:17:43]} {[%emt 00:00:04]} 24. Qxb6 {[%clk 00:17:41]} {[%emt 00:00:03]} Qxa4
{[%clk 00:17:51]} {[%emt 00:00:02]} 25. Ng4 {[%clk 00:17:47]} {[%emt 00:00:04]}
Bg7 {[%clk 00:17:58]} {[%emt 00:00:02]} 26. Ne3 {[%clk 00:17:56]} {[%emt
00:00:02]} Rc3 {[%clk 00:18:06]} {[%emt 00:00:02]} 27. Qb7 {[%clk 00:18:01]}
{[%emt 00:00:05]} Re8 {[%clk 00:18:11]} {[%emt 00:00:05]} 28. Rfc1 {[%clk
00:18:07]} {[%emt 00:00:05]} Qa8 {[%clk 00:18:18]} {[%emt 00:00:02]} 29. Qxa8
{[%clk 00:18:14]} {[%emt 00:00:03]} Rxa8 {[%clk 00:18:26]} {[%emt 00:00:03]} 30.
Rxc3 {[%clk 00:18:20]} {[%emt 00:00:03]} Bxc3 {[%clk 00:18:33]} {[%emt
00:00:03]} 31. b5 {[%clk 00:18:27]} {[%emt 00:00:04]} Rb8 {[%clk 00:18:41]}
{[%emt 00:00:02]} 32. Nc4 {[%clk 00:18:34]} {[%emt 00:00:02]} Kf8 {[%clk
00:18:48]} {[%emt 00:00:03]} 33. Rb3 {[%clk 00:18:40]} {[%emt 00:00:04]} Bd4
{[%clk 00:18:55]} {[%emt 00:00:03]} 34. Kf1 {[%clk 00:18:47]} {[%emt 00:00:03]}
Ke8 {[%clk 00:19:04]} {[%emt 00:00:02]} 35. Ke2 {[%clk 00:18:55]} {[%emt
00:00:02]} Kd7 {[%clk 00:19:12]} {[%emt 00:00:02]} 36. f3 {[%clk 00:19:02]}
{[%emt 00:00:03]} e6 {[%clk 00:19:19]} {[%emt 00:00:03]} 37. Kd3 {[%clk
00:19:09]} {[%emt 00:00:02]} Bc5 {[%clk 00:19:27]} {[%emt 00:00:02]} 38. Ne3
{[%clk 00:19:16]} {[%emt 00:00:03]} h5 {[%clk 00:19:35]} {[%emt 00:00:02]} 39.
g4 {[%clk 00:19:24]} {[%emt 00:00:02]} hxg4 {[%clk 00:19:44]} {[%emt 00:00:02]}
40. hxg4 {[%clk 00:19:32]} {[%emt 00:00:01]} Rh8 {[%clk 00:19:51]} {[%emt
00:00:03]} 41. dxe6+ {[%clk 00:19:38]} {[%emt 00:00:04]} fxe6 {[%clk 00:19:59]}
{[%emt 00:00:02]} 42. Nc4 {[%clk 00:19:44]} {[%emt 00:00:03]} Rh3 {[%clk
00:20:07]} {[%emt 00:00:03]} 43. Ke2 {[%clk 00:19:51]} {[%emt 00:00:03]} Rh2+
{[%clk 00:20:15]} {[%emt 00:00:02]} 44. Ke1 {[%clk 00:19:59]} {[%emt 00:00:02]}
Rc2 {[%clk 00:20:23]} {[%emt 00:00:02]} 45. b6 {[%clk 00:20:05]} {[%emt
00:00:04]} Rxc4 {[%clk 00:20:30]} {[%emt 00:00:04]} 46. b7 {[%clk 00:20:13]}
{[%emt 00:00:02]} Bb4+ {[%clk 00:20:38]} {[%emt 00:00:02]} 47. Ke2 {[%clk
00:20:19]} {[%emt 00:00:03]} Kc7 {[%clk 00:20:43]} {[%emt 00:00:06]} 48. Kd3
{[%clk 00:20:27]} {[%emt 00:00:02]} d5 {[%clk 00:20:51]} {[%emt 00:00:02]} 49.
Rb1 {[%clk 00:20:34]} {[%emt 00:00:03]} Kxb7 {[%clk 00:20:56]} {[%emt
00:00:05]} 50. Rh1 {[%clk 00:20:42]} {[%emt 00:00:03]} Rc3+ {[%clk 00:21:01]}
{[%emt 00:00:04]} 51. Ke2 {[%clk 00:20:49]} {[%emt 00:00:03]} Kc6 {[%clk
00:21:08]} {[%emt 00:00:03]} 52. Rh6 {[%clk 00:20:56]} {[%emt 00:00:03]} Rc2+
{[%clk 00:21:15]} {[%emt 00:00:02]} 53. Kd3 {[%clk 00:21:04]} {[%emt 00:00:02]}
Rd2+ {[%clk 00:21:24]} {[%emt 00:00:02]} 54. Ke3 {[%clk 00:21:12]} {[%emt
00:00:02]} d4+ {[%clk 00:21:23]} {[%emt 00:00:11]} 55. Ke4 {[%clk 00:21:19]}
{[%emt 00:00:02]} Kd6 {[%clk 00:21:30]} {[%emt 00:00:03]} 56. Rxg6 {[%clk
00:21:27]} {[%emt 00:00:03]} Rd1 {[%clk 00:21:36]} {[%emt 00:00:05]} 57. Rg8
{[%clk 00:21:34]} {[%emt 00:00:02]} Bc3 {[%clk 00:21:42]} {[%emt 00:00:04]} 58.
f4 {[%clk 00:21:40]} {[%emt 00:00:05]} Re1+ {[%clk 00:21:48]} {[%emt 00:00:03]}
59. Kd3 {[%clk 00:21:47]} {[%emt 00:00:03]} Re3+ {[%clk 00:21:56]} {[%emt
00:00:03]} 60. Kc2 {[%clk 00:21:53]} {[%emt 00:00:03]} Rf3 {[%clk 00:22:04]}
{[%emt 00:00:03]} 61. g5 {[%clk 00:22:02]} Rxf4 {[%clk 00:22:12]} {[%emt
00:00:01]} 62. g6 {[%clk 00:22:10]} {[%emt 00:00:01]} Rg4 {[%clk 00:22:20]}
{[%emt 00:00:02]} 0-1

[Event "Kadettlandskamp NOR-SWE B 2018"]
[Site "NTG, Bærum, Norway"]
[Date "2018.12.16"]
[Round "10.2"]
[White "Kizatbay, Abyl"]
[Black "Olsson, William"]
[Result "0-1"]
[WhiteFideId "1521853"]
[BlackFideId "1741721"]
[WhiteElo "1952"]
[BlackElo "1743"]

1. e4 {[%clk 00:15:19]} {[%emt 00:07:14]} c5 {[%clk 00:15:19]} {[%emt
00:00:02]} 2. Nf3 {[%clk 00:15:27]} {[%emt 00:00:02]} d6 {[%clk 00:15:26]}
{[%emt 00:00:03]} 3. Bb5+ {[%clk 00:15:25]} {[%emt 00:00:12]} Nd7 {[%clk
00:15:35]} {[%emt 00:00:01]} 4. a4 {[%clk 00:15:30]} {[%emt 00:00:06]} Ngf6
{[%clk 00:15:37]} {[%emt 00:00:07]} 5. Nc3 {[%clk 00:15:37]} {[%emt 00:00:03]}
e6 {[%clk 00:15:39]} {[%emt 00:00:08]} 6. O-O {[%clk 00:15:44]} {[%emt
00:00:03]} Be7 {[%clk 00:15:47]} {[%emt 00:00:01]} 7. a5 {[%clk 00:15:53]}
{[%emt 00:00:03]} a6 {[%clk 00:15:47]} {[%emt 00:00:09]} 8. Be2 {[%clk
00:15:59]} {[%emt 00:00:04]} O-O {[%clk 00:15:50]} {[%emt 00:00:07]} 9. d4
{[%clk 00:15:13]} {[%emt 00:00:56]} cxd4 {[%clk 00:15:29]} {[%emt 00:00:32]} 10.
Qxd4 {[%clk 00:15:19]} {[%emt 00:00:04]} Nb8 {[%clk 00:15:26]} {[%emt
00:00:12]} 11. Be3 {[%clk 00:13:33]} {[%emt 00:01:57]} Ng4 {[%clk 00:15:00]}
{[%emt 00:00:35]} 12. Bd2 {[%clk 00:12:24]} {[%emt 00:01:19]} Nc6 {[%clk
00:14:43]} {[%emt 00:00:26]} 13. Qa4 {[%clk 00:12:05]} {[%emt 00:00:31]} Bd7
{[%clk 00:14:26]} {[%emt 00:00:27]} 14. Rfd1 {[%clk 00:12:07]} {[%emt
00:00:07]} Qc7 {[%clk 00:13:37]} {[%emt 00:00:59]} 15. Nd4 {[%clk 00:09:25]}
{[%emt 00:02:52]} Nge5 {[%clk 00:12:33]} {[%emt 00:01:15]} 16. Be3 {[%clk
00:07:20]} {[%emt 00:02:15]} Rac8 {[%clk 00:11:42]} {[%emt 00:01:01]} 17. Nb3
{[%clk 00:06:30]} {[%emt 00:01:00]} Nb8 {[%clk 00:10:08]} {[%emt 00:01:43]} 18.
Qb4 {[%clk 00:05:22]} {[%emt 00:01:18]} Nbc6 {[%clk 00:09:45]} {[%emt
00:00:33]} 19. Qb6 {[%clk 00:04:48]} {[%emt 00:00:45]} Qxb6 {[%clk 00:09:45]}
{[%emt 00:00:09]} 20. Bxb6 {[%clk 00:04:48]} {[%emt 00:00:11]} Nb4 {[%clk
00:09:33]} {[%emt 00:00:21]} 21. Rd2 {[%clk 00:04:14]} {[%emt 00:00:44]} Nc4
{[%clk 00:08:54]} {[%emt 00:00:49]} 22. Rd4 {[%clk 00:03:50]} {[%emt 00:00:35]}
Bb5 {[%clk 00:08:19]} {[%emt 00:00:44]} 23. Bxc4 {[%clk 00:03:05]} {[%emt
00:00:56]} Bxc4 {[%clk 00:08:20]} {[%emt 00:00:09]} 24. Ra4 {[%clk 00:02:19]}
{[%emt 00:00:55]} d5 {[%clk 00:07:30]} {[%emt 00:01:00]} 25. Na1 {[%clk
00:00:52]} {[%emt 00:01:38]} Nc6 {[%clk 00:06:21]} {[%emt 00:01:19]} 26. Rd1
{[%clk 00:00:58]} {[%emt 00:00:04]} Bb5 {[%clk 00:05:46]} {[%emt 00:00:45]} 27.
Ra2 {[%clk 00:00:32]} {[%emt 00:00:35]} Nb4 {[%clk 00:05:48]} {[%emt 00:00:08]}
28. Ra3 {[%clk 00:00:34]} {[%emt 00:00:08]} dxe4 {[%clk 00:05:49]} {[%emt
00:00:10]} 29. Nxb5 {[%clk 00:00:18]} {[%emt 00:00:26]} axb5 {[%clk 00:05:55]}
{[%emt 00:00:03]} 30. Rb3 {[%clk 00:00:17]} {[%emt 00:00:11]} Nxc2 {[%clk
00:05:57]} {[%emt 00:00:08]} 31. Nxc2 {[%clk 00:00:26]} {[%emt 00:00:02]} Rxc2
{[%clk 00:06:05]} {[%emt 00:00:01]} 32. g3 {[%clk 00:00:15]} {[%emt 00:00:22]}
Bf6 {[%clk 00:05:46]} {[%emt 00:00:28]} 33. Rxb5 {[%clk 00:00:22]} {[%emt
00:00:04]} Bxb2 {[%clk 00:05:43]} {[%emt 00:00:13]} 34. Rd7 {[%clk 00:00:27]}
{[%emt 00:00:04]} h5 {[%clk 00:04:25]} {[%emt 00:01:28]} 35. Rxb7 {[%clk
00:00:36]} {[%emt 00:00:01]} h4 {[%clk 00:04:32]} {[%emt 00:00:04]} 36. a6
{[%clk 00:00:37]} {[%emt 00:00:10]} h3 {[%clk 00:04:40]} {[%emt 00:00:01]} 37.
Rc7 {[%clk 00:00:21]} {[%emt 00:00:25]} Rd8 {[%clk 00:04:26]} {[%emt 00:00:23]}
0-1

[Event "Kadettlandskamp NOR-SWE B 2018"]
[Site "NTG, Bærum, Norway"]
[Date "2018.12.16"]
[Round "10.3"]
[White "Melaa, Sondre Lillestøl"]
[Black "Nguyen, Gabriel"]
[Result "1-0"]
[WhiteFideId "1530470"]
[BlackFideId "1720791"]
[WhiteElo "1838"]
[BlackElo "1906"]

1. e4 {[%clk 00:15:17]} {[%emt 00:00:02]} c5 {[%clk 00:15:19]} {[%emt
00:00:02]} 2. Nf3 {[%clk 00:15:25]} {[%emt 00:00:02]} e6 {[%clk 00:15:27]}
{[%emt 00:00:02]} 3. d4 {[%clk 00:15:34]} {[%emt 00:00:01]} cxd4 {[%clk
00:15:36]} {[%emt 00:00:02]} 4. Nxd4 {[%clk 00:15:41]} {[%emt 00:00:02]} a6
{[%clk 00:15:45]} {[%emt 00:00:02]} 5. c4 {[%clk 00:15:48]} {[%emt 00:00:03]}
Nf6 {[%clk 00:15:52]} {[%emt 00:00:03]} 6. Nc3 {[%clk 00:15:56]} {[%emt
00:00:01]} Qc7 {[%clk 00:16:00]} {[%emt 00:00:03]} 7. a3 {[%clk 00:16:02]}
{[%emt 00:00:03]} b6 {[%clk 00:16:06]} {[%emt 00:00:04]} 8. Be3 {[%clk
00:15:46]} {[%emt 00:00:26]} Bb7 {[%clk 00:16:06]} {[%emt 00:00:10]} 9. f3
{[%clk 00:15:50]} {[%emt 00:00:06]} d6 {[%clk 00:16:14]} {[%emt 00:00:02]} 10.
Be2 {[%clk 00:15:52]} {[%emt 00:00:08]} Be7 {[%clk 00:16:21]} {[%emt 00:00:03]}
11. O-O {[%clk 00:15:57]} {[%emt 00:00:05]} Nbd7 {[%clk 00:16:28]} {[%emt
00:00:02]} 12. Rc1 {[%clk 00:15:48]} {[%emt 00:00:19]} O-O {[%clk 00:16:35]}
{[%emt 00:00:04]} 13. Qd2 {[%clk 00:14:50]} {[%emt 00:01:07]} Rac8 {[%clk
00:16:32]} {[%emt 00:00:14]} 14. Rfd1 {[%clk 00:14:50]} {[%emt 00:00:10]} Qb8
{[%clk 00:16:38]} {[%emt 00:00:04]} 15. b4 {[%clk 00:14:40]} {[%emt 00:00:20]}
Rfe8 {[%clk 00:16:39]} {[%emt 00:00:09]} 16. Nb3 {[%clk 00:14:38]} {[%emt
00:00:12]} Bf8 {[%clk 00:15:13]} {[%emt 00:01:36]} 17. Na4 {[%clk 00:13:06]}
{[%emt 00:01:42]} Ba8 {[%clk 00:15:07]} {[%emt 00:00:15]} 18. Qd4 {[%clk
00:12:52]} {[%emt 00:00:26]} d5 {[%clk 00:13:29]} {[%emt 00:01:47]} 19. exd5
{[%clk 00:10:38]} {[%emt 00:02:24]} exd5 {[%clk 00:13:23]} {[%emt 00:00:16]} 20.
c5 {[%clk 00:09:33]} {[%emt 00:01:15]} b5 {[%clk 00:12:23]} {[%emt 00:01:10]}
21. Nc3 {[%clk 00:08:19]} {[%emt 00:01:24]} Rxe3 {[%clk 00:10:10]} {[%emt
00:02:24]} 22. Qxe3 {[%clk 00:07:56]} {[%emt 00:00:33]} Ne5 {[%clk 00:08:43]}
{[%emt 00:01:36]} 23. Qd4 {[%clk 00:06:16]} {[%emt 00:01:49]} g6 {[%clk
00:07:49]} {[%emt 00:01:05]} 24. f4 {[%clk 00:05:31]} {[%emt 00:00:55]} Ned7
{[%clk 00:07:25]} {[%emt 00:00:32]} 25. Bf3 {[%clk 00:05:23]} {[%emt 00:00:20]}
Bg7 {[%clk 00:07:17]} {[%emt 00:00:18]} 26. Qd2 {[%clk 00:05:30]} {[%emt
00:00:03]} Rd8 {[%clk 00:05:52]} {[%emt 00:01:34]} 27. Nxd5 {[%clk 00:04:18]}
{[%emt 00:01:23]} Nxd5 {[%clk 00:04:34]} {[%emt 00:01:29]} 28. Bxd5 {[%clk
00:04:26]} {[%emt 00:00:02]} Ne5 {[%clk 00:04:39]} {[%emt 00:00:05]} 29. fxe5
{[%clk 00:01:31]} {[%emt 00:03:04]} Rxd5 {[%clk 00:04:47]} {[%emt 00:00:01]} 30.
Qf2 {[%clk 00:01:35]} {[%emt 00:00:07]} Rxe5 {[%clk 00:03:40]} {[%emt
00:01:17]} 31. c6 {[%clk 00:01:21]} {[%emt 00:00:23]} Qf8 {[%clk 00:00:20]}
{[%emt 00:03:30]} 32. c7 {[%clk 00:01:01]} {[%emt 00:00:31]} Bb7 {[%clk
00:00:29]} {[%emt 00:00:02]} 33. Rd8 {[%clk 00:00:40]} {[%emt 00:00:30]} Re8
{[%clk 00:00:37]} {[%emt 00:00:01]} 34. Rcd1 {[%clk 00:00:48]} {[%emt
00:00:02]} Be5 {[%clk 00:00:12]} {[%emt 00:00:35]} 35. Rxe8 {[%clk 00:00:48]}
{[%emt 00:00:11]} Qxe8 {[%clk 00:00:12]} {[%emt 00:00:10]} 36. Rd8 {[%clk
00:00:56]} {[%emt 00:00:02]} Kf8 {[%clk 00:00:19]} {[%emt 00:00:03]} 37. Qc5+
{[%clk 00:00:58]} {[%emt 00:00:07]} Kg7 {[%clk 00:00:24]} {[%emt 00:00:05]} 38.
Rxe8 {[%clk 00:01:04]} {[%emt 00:00:04]} Bxc7 {[%clk 00:00:18]} {[%emt
00:00:16]} 39. Qxc7 {[%clk 00:01:07]} {[%emt 00:00:07]} Bd5 {[%clk 00:00:25]}
{[%emt 00:00:03]} 40. Qe5+ {[%clk 00:01:14]} {[%emt 00:00:03]} Kh6 {[%clk
00:00:33]} {[%emt 00:00:02]} 41. Qxd5 {[%clk 00:01:21]} {[%emt 00:00:03]} f5
{[%clk 00:00:40]} {[%emt 00:00:03]} 42. Qf7 {[%clk 00:01:27]} {[%emt 00:00:04]}
Kg5 {[%clk 00:00:46]} {[%emt 00:00:04]} 43. Re3 {[%clk 00:01:34]} {[%emt
00:00:03]} f4 {[%clk 00:00:54]} {[%emt 00:00:03]} 44. Rf3 {[%clk 00:01:37]}
{[%emt 00:00:07]} Kh5 {[%clk 00:01:01]} {[%emt 00:00:02]} 45. Qxf4 {[%clk
00:01:41]} {[%emt 00:00:06]} g5 {[%clk 00:01:09]} {[%emt 00:00:02]} 46. Qf7+
{[%clk 00:01:47]} {[%emt 00:00:04]} Kg4 {[%clk 00:01:17]} {[%emt 00:00:01]} 47.
h3+ {[%clk 00:01:54]} {[%emt 00:00:04]} Kh4 {[%clk 00:01:25]} {[%emt 00:00:02]}
48. Qxh7# {[%clk 00:02:02]} {[%emt 00:00:02]} 1-0

[Event "Kadettlandskamp NOR-SWE B 2018"]
[Site "NTG, Bærum, Norway"]
[Date "2018.12.16"]
[Round "10.4"]
[White "Rasti, Arvin"]
[Black "Nielsen, Andre"]
[Result "1/2-1/2"]
[BlackTitle "FM"]
[WhiteFideId "1741160"]
[BlackFideId "1518240"]
[WhiteElo "1777"]
[BlackElo "1917"]

1. d4 {[%clk 00:15:16]} {[%emt 00:00:04]} Nf6 {[%clk 00:15:17]} {[%emt
00:00:04]} 2. Bf4 {[%clk 00:15:13]} {[%emt 00:00:12]} b6 {[%clk 00:15:19]}
{[%emt 00:00:08]} 3. Nf3 {[%clk 00:15:21]} {[%emt 00:00:03]} Bb7 {[%clk
00:15:25]} {[%emt 00:00:04]} 4. e3 {[%clk 00:15:30]} {[%emt 00:00:01]} Nh5
{[%clk 00:15:13]} {[%emt 00:00:22]} 5. Nbd2 {[%clk 00:15:20]} {[%emt 00:00:19]}
Nxf4 {[%clk 00:15:09]} {[%emt 00:00:14]} 6. exf4 {[%clk 00:15:28]} {[%emt
00:00:02]} e6 {[%clk 00:14:58]} {[%emt 00:00:21]} 7. Bd3 {[%clk 00:15:18]}
{[%emt 00:00:20]} d5 {[%clk 00:14:46]} {[%emt 00:00:22]} 8. O-O {[%clk
00:15:19]} {[%emt 00:00:09]} Nd7 {[%clk 00:14:12]} {[%emt 00:00:44]} 9. Re1
{[%clk 00:15:03]} {[%emt 00:00:26]} Be7 {[%clk 00:13:53]} {[%emt 00:00:29]} 10.
Ne5 {[%clk 00:14:35]} {[%emt 00:00:38]} O-O {[%clk 00:10:56]} {[%emt 00:03:07]}
11. Nxd7 {[%clk 00:12:46]} {[%emt 00:01:59]} Qxd7 {[%clk 00:10:56]} {[%emt
00:00:10]} 12. Nf3 {[%clk 00:12:41]} {[%emt 00:00:16]} Bf6 {[%clk 00:09:05]}
{[%emt 00:02:00]} 13. Ne5 {[%clk 00:12:30]} {[%emt 00:00:21]} Qd6 {[%clk
00:08:16]} {[%emt 00:00:57]} 14. Re3 {[%clk 00:12:10]} {[%emt 00:00:32]} g6
{[%clk 00:07:40]} {[%emt 00:00:46]} 15. Qg4 {[%clk 00:11:09]} {[%emt 00:01:11]}
Bg7 {[%clk 00:07:19]} {[%emt 00:00:32]} 16. Rae1 {[%clk 00:10:59]} {[%emt
00:00:19]} c5 {[%clk 00:06:53]} {[%emt 00:00:36]} 17. c3 {[%clk 00:09:55]}
{[%emt 00:01:14]} cxd4 {[%clk 00:06:46]} {[%emt 00:00:18]} 18. cxd4 {[%clk
00:10:00]} {[%emt 00:00:05]} Rac8 {[%clk 00:06:40]} {[%emt 00:00:15]} 19. a3
{[%clk 00:09:48]} {[%emt 00:00:23]} Rc7 {[%clk 00:06:36]} {[%emt 00:00:13]} 20.
h4 {[%clk 00:09:37]} {[%emt 00:00:21]} Qd8 {[%clk 00:04:47]} {[%emt 00:01:58]}
21. h5 {[%clk 00:09:23]} {[%emt 00:00:25]} Qf6 {[%clk 00:04:48]} {[%emt
00:00:08]} 22. hxg6 {[%clk 00:09:14]} {[%emt 00:00:21]} hxg6 {[%clk 00:04:33]}
{[%emt 00:00:24]} 23. Rh3 {[%clk 00:08:06]} {[%emt 00:01:18]} Rfc8 {[%clk
00:02:13]} {[%emt 00:02:30]} 24. Nxg6 {[%clk 00:07:08]} {[%emt 00:01:08]} Rc1
{[%clk 00:01:58]} {[%emt 00:00:25]} 25. Rhe3 {[%clk 00:05:28]} {[%emt
00:01:51]} fxg6 {[%clk 00:01:34]} {[%emt 00:00:33]} 26. Rxe6 {[%clk 00:05:29]}
{[%emt 00:00:09]} Rxe1+ {[%clk 00:01:35]} {[%emt 00:00:09]} 27. Rxe1 {[%clk
00:05:38]} Rf8 {[%clk 00:00:51]} {[%emt 00:00:54]} 28. Bxg6 {[%clk 00:05:16]}
{[%emt 00:00:33]} Qxf4 {[%clk 00:00:40]} {[%emt 00:00:21]} 29. Qh5 {[%clk
00:04:49]} {[%emt 00:00:37]} Qxf2+ {[%clk 00:00:23]} {[%emt 00:00:26]} 30. Kh2
{[%clk 00:04:57]} {[%emt 00:00:02]} Qf4+ {[%clk 00:00:29]} {[%emt 00:00:04]} 31.
Kg1 {[%clk 00:04:31]} {[%emt 00:00:37]} Qf2+ {[%clk 00:00:32]} {[%emt
00:00:06]} 32. Kh2 {[%clk 00:04:37]} {[%emt 00:00:04]} Qf4+ {[%clk 00:00:41]}
{[%emt 00:00:01]} 33. Kg1 {[%clk 00:04:45]} {[%emt 00:00:03]} Qh6 {[%clk
00:00:29]} {[%emt 00:00:22]} 34. Qg4 {[%clk 00:04:42]} {[%emt 00:00:13]} Bxd4+
{[%clk 00:00:18]} {[%emt 00:00:21]} 35. Qxd4 {[%clk 00:04:40]} {[%emt
00:00:12]} Qxg6 {[%clk 00:00:25]} {[%emt 00:00:03]} 36. Re7 {[%clk 00:04:33]}
{[%emt 00:00:17]} Rf7 {[%clk 00:00:17]} {[%emt 00:00:17]} 37. Re8+ {[%clk
00:04:27]} {[%emt 00:00:17]} Rf8 {[%clk 00:00:25]} {[%emt 00:00:01]} 38. Re7
{[%clk 00:04:36]} Rf7 {[%clk 00:00:17]} {[%emt 00:00:18]} 39. Re8+ {[%clk
00:04:46]} Rf8 {[%clk 00:00:26]} {[%emt 00:00:01]} 40. Re7 {[%clk 00:04:55]}
Rf7 {[%clk 00:00:14]} {[%emt 00:00:21]} 1/2-1/2